Reliez les paroles des chansons de Jean-Jacques Goldman à son titre - Statistiques

Statistiques générales
  • Ce quiz a été pris 1 830 fois
  • Le résultat moyen est 11 sur 16
Statistiques - réponses
Hint Réponse % Correct
"J'ai pas choisi de naître ici, entre l'ignorance et la violence et l'ennui, j'm'en sortirai, j'me le promets" Envole-moi
90%
"J'ai trop saigné sur les Gibson, j'ai trop rôdé dans les Tobacco road, y'a plus qu'les caisses qui me résonnent" Quand la musique est bonne
85%
"C'était un cordonnier, sans rien d'particulier dans un village dont le nom m'a échappé" Il changeait la vie
80%
"Elle met du vieux pain sur son balcon pour attirer les moineaux, les pigeons" La vie par procuration
77%
"N'y va pas, y'a des tempêtes et des naufrages, le feu, les diables et les mirages" Là-bas
75%
Elle avait les yeux clairs et la robe en velours, à côté de sa mère et la famille autour, elle pose un peu distraite au doux soleil de la fin du jour" Comme toi
73%
J'ai beau me dire qu'il faut du temps, j'ai beau l'écrire si noir sur blanc, quoi que je fasse, où que je sois, rien ne t'efface, je pense à toi" Pas toi
71%
"Et même si le temps presse, même s'il est un peu court, si les années qu'on me laisse ne sont que minutes et jours" Au bout de mes rêves
70%
"Une épaule fragile et solide à la fois, ce que j'imagine et ce que je crois" Je te donne
69%
"Grande fête au château il y a bien longtemps, les belles et les beaux, nobliaux, noble sang" Tournent les violons
66%
"Oh, la ville et ses pièges, ce sont mes privilèges, je suis riche de ça, mais ça ne s'achète pas" Je marche seul
65%
"Que les vents te mènent où d'autres âmes plus belles sauront t'aimer mieux que nous puisque l'on ne peut t'aimer plus" Puisque tu pars
57%
"On partira de nuit, l'heure où l'on doute, que demain revienne encore, loin des villes soumises, on suivra l'autoroute" On ira
55%
"Et crever le silence quand c’est à toi que je pense, je suis loin de tes mains, loin de toi, loin des tiens" Famille
54%
"J'envie ce que les autres ont, je crève de ce que je n'ai pas, le bonheur est possession" Les choses
49%
"Regarde ma vie, tu la vois face à face, dis-moi, ton avis, que veux-tu que j'y fasse ?" Il suffira d'un signe
46%
Aucun quiz correspondant
Distribution des résultats
% des personnes avec chaque résultat
Percentile par nombre de réponses
Votre historique - résultats
Vous n’avez pas pris ce quiz